1414 1097 1565 1732 1641 1432 1313 1359 1697 1590 1203 1708 1124 1631 1883 1265 1162 1627 1980 1987 1039 1736 1454 1916 1341 1392 1675 1363 1633 1828 1760 1811 1456 1651 1798 1057 1055 1188 1888 1661 1609 1774 1152 1082 1130 1300 1002 1814 1550 1895 1101 1183 1746 1666 1475 1862 1380 1367 1772 1318 1359 1793 1730 1822 1070 1627 1669 1327 1181 1046 1320 1741 1543 1233 1558 1216 1169 1280 1616 1179 1818 1857 1616 1901 1177 1455 1856 1198 1304 1713 1982 1781 1939 1050 1163 1240 1035 1468 1281 BCNSPRNW ULIB Ver.6.0+V

เปลี่ยนเป็นภาษาไทย

Change to English
 แสดงรายละเอียดบรรณานุกรม
  กลับหน้าหลัก

Brief Record : Get Marc (ISO 2709) : E-mail record : QR code < ปิดหน้าต่าง
LEADER : 00000nam 2200000uu 4500
001    13399113933
003     ULIB
008    110320s||||||||th 000 0 tha d
099    วจ.HQ56^bจ148ค
100 0  จรรยา แก้วใจบุญ
245 00 ค่านิยมทางเพศและปัจจัยที่เกี่ยวข้องกับค่านิยมทางเพศของวัยรุ่น เขตอำเภอเมืองพะเยา/^cจรรยา แก้วใจบุญและทิติยา กาวิละ
260    พะเยา :^bวิทยาลัยพยาบาลบรมราชชนนี พะเยา,^c2553
300    91 หน้า :^bตาราง
500    รายงานการวิจัย
650  7 เพศศึกษา^xวัยรุ่น^xวิจัย
700 0  ทิติยา กาวิละ
710 2  วิทยาลัยพยาบาลบรมราชชนนี. ^bพะเยา
945    ^p0^l0^i030964
995    ทศพร
999 ^a ใช้งานได้ทุกระบบ
รายการนี้ยังไม่มีแท็ก
คุณยังไม่ได้ล็อกอิน คุณสามารถมีกิจกรรมร่วมกับเว็บไซต์ได้ แต่ต้องล็อกอินก่อน ::
  ล็อกอิน

รายการสื่อสารสนเทศ

ลำดับที่ ประเภท เลขเรียก/บาร์โค้ด สถานที่ สถานะ
1. งานวิจัย
งานวิจัย
วจ.HQ56 จ148ค ฉ.1 
  Barcode: 030964
ห้องสมุดวิทยาเขตสวรรค์ประชารักษ์
►วิจัย
บนชั้น

รายการใกล้เคียง
    ผู้แต่ง [จรรยา แก้วใจบุญ]

BibComment


ยังไม่เคยถูกคอมเมนท์

คอมเมนท์ทรัพยากรรายการนี้
  คอมเมนท์: ค่านิยมทางเพศและป..


 Copyright 2026. Bcnsprnw @Library